000 00435nam a22001697a 4500
003 MPLRDC
005 20220104150654.0
008 210129b ||||| |||| 00| 0 eng d
082 _a947.412 WZ v.228 c.2
100 _a王泽
245 _a老夫子. 合订本
_c
260 _a
_b玉郎机构(马)有限公司
_c
300 _b
490 _a老夫子漫画. 228
650 _a老夫子漫画
942 _cBK
_o947.412 WZ v.228 c.2
999 _c51989
_d51979